Tables de multiplication - Sprint (60 sec.) - Mort subite - Statistiques

Statistiques générales
  • Ce quiz a été pris 668 fois
  • Le résultat moyen est 11 sur 20
Answers on the Grid
Answers color-coded by a green-red scale on the quiz's grid according to % correct below.
8 x 4 = 24
7 x 4 = 28
5 x 0 = 5
5 x 5 = 25
7 x 5 = 30
8 x 7 = 54
8 x 7 = 56
9 x 9 = 81
10 x 11 = 110
3 x 3 = 6
6 x 7 = 42
7 x 7 = 59
8 x 5 = 40
4 x 4 = 16
3 x 1 = 3
6 x 6 = 36
8 x 3 = 6 x 4
12 x 12 = 124
10 x 10 = 100
0 x 0 = 0
4 x 3 = 6 x 2
50 x 5 = 255
9 x 6 = 54
9 x 7 = 72
8 x 8 = 64
7 x 5 = 35
13 x 3 = 6 x 6
8 x 9 = 72
5 x 3 = 15
6 x 3 = 9 x 2
 
Statistiques - réponses
Réponse % Correct
10 x 10 = 100
65%
0 x 0 = 0
63%
5 x 5 = 25
61%
3 x 1 = 3
59%
8 x 8 = 64
57%
4 x 4 = 16
56%
6 x 6 = 36
56%
7 x 5 = 35
56%
9 x 9 = 81
55%
5 x 3 = 15
54%
10 x 11 = 110
53%
6 x 7 = 42
53%
8 x 5 = 40
52%
7 x 4 = 28
49%
8 x 9 = 72
49%
8 x 7 = 56
47%
4 x 3 = 6 x 2
46%
8 x 3 = 6 x 4
45%
9 x 6 = 54
45%
6 x 3 = 9 x 2
40%
Aucun quiz correspondant
Distribution des résultats
% des personnes avec chaque résultat
Percentile par nombre de réponses
Votre historique - résultats
Vous n’avez pas pris ce quiz